Fundamentals of chemistry (Record no. 33397)

MARC details
000 -LEADER
fixed length control field 00298nam a2200121Ia 4500
082 ## - DEWEY DECIMAL CLASSIFICATION NUMBER
Classification number 054
Item number KOS
100 ## - MAIN ENTRY--AUTHOR NAME
Personal name Kostiner, Edward
245 #0 - TITLE STATEMENT
Title Fundamentals of chemistry
260 ## - PUBLICATION, DISTRIBUTION, ETC. (IMPRINT)
Place of publication New York
Name of publisher Harcourt
Year of publication 1979
700 ## - ADDED ENTRY--PERSONAL NAME
Personal name Rea, Jesse R
942 ## - ADDED ENTRY ELEMENTS (KOHA)
Koha item type Books
Holdings
Withdrawn status Lost status Damaged status Not for loan Home library Current library Date acquired Cost, normal purchase price Full call number Accession Number Koha item type
        RRII Library RRII Library 16/12/2021 14.95 054 KOS 13895 Books